[Event "Tarragona Province-ch"]
[Site "Tarragona"]
[Date "2018.10.21"]
[Round "4"]
[White "Girona Masdeu, Joan"]
[Black "Domingo Basora, Sergi"]
[Result "0-1"]
[WhiteElo "1819"]
[BlackElo "1912"]
[PlyCount "94"]
[EventDate "2018.09.30"]
[EventType "swiss"]
[EventRounds "9"]
[EventCountry "ESP"]
[SourceTitle "CBM 187 Extra"]
[Source "ChessBase"]
[SourceDate "2018.11.04"]
[SourceVersion "1"]
[SourceVersionDate "2018.11.04"]
[SourceQuality "1"]

1. d4 Nf6 2. Nf3 g6 3. c4 c5 4. g3 Bg7 5. Bg2 0-0 6. 0-0 cxd4 7. Nxd4 Qa5 8. Nc3 Nc6 9. Nc2 d6 10. Rb1 Qh5 11. Nd5 g5 12. Nxf6+ Bxf6 13. Ne3 Be6 14. Nd5 Be5 15. Be3 Kh8 16. Qd2 Rg8 17. b3 Raf8 18. b4 f5 19. f4 gxf4 20. Bxf4 Nd4 21. Rbe1 Rf7 22. e3 Nc6 23. a3 Rc8 24. Rc1 Bd7 25. b5 Nb8 26. c5 e6 27. Bxe5+ dxe5 28. Nc3 e4 29. Qd6 Qh6 30. Rf4 Qf8 31. Qe5+ Qg7 32. Qxg7+ Kxg7 33. Ne2 Bxb5 34. Nd4 Bd7 35. Rf2 Kf6 36. g4 Ke5 37. gxf5 exf5 38. Bh3 f4 39. Bxd7 Rxd7 40. Nb3 fxe3 41. Re2 Rd3 42. Na5 Nc6 43. Nxb7 Nd4 44. Rg2 Rf8 45. Nd6 e2 46. Rg5+ Ke6 47. Nxe4 Rd1+ 0-1

[Event "Tarragona-chA"]
[Site "Tarragona"]
[Date "2017.10.08"]
[Round "1"]
[White "Madria Garriga, Vidal"]
[Black "Girona Masdeu, Joan"]
[Result "1-0"]
[WhiteElo "2029"]
[BlackElo "1777"]
[PlyCount "67"]
[EventDate "2017.10.08"]
[EventType "swiss"]
[EventRounds "9"]
[EventCountry "ESP"]
[SourceTitle "CBM 181 Extra"]
[Source "ChessBase"]
[SourceDate "2017.12.12"]
[SourceVersion "1"]
[SourceVersionDate "2017.12.12"]
[SourceQuality "1"]

1. d4 Nf6 2. Nf3 d5 3. Bf4 e6 4. e3 c5 5. c3 Be7 6. Nbd2 0-0 7. Ne5 Nbd7 8. Bd3 Re8 9. Qe2 Qa5 10. 0-0 Nf8 11. Bg5 Ng6 12. f4 cxd4 13. exd4 Qb6 14. Rab1 Nf8 15. Kh1 h6 16. Bxf6 Bxf6 17. Qh5 Qc7 18. Rf3 Re7 19. g4 Bxe5 20. fxe5 Nh7 21. h4 f6 22. Re1 Bd7 23. exf6 Nxf6 24. Rxf6 gxf6 25. Qxh6 Qg3 26. Re3 Qxg4 27. Nf1 Rg7 28. Rg3 Qxg3 29. Nxg3 Rxg3 30. Bg6 Be8 31. h5 Bxg6 32. hxg6 Rg5 33. Qh7+ Kf8 34. Qf7# 1-0

[Event "Tarragona Province-chA"]
[Site "L'Hospitalet Infant"]
[Date "2016.11.27"]
[Round "9"]
[White "Romero Mendez, Antonio"]
[Black "Girona Masdeu, Joan"]
[Result "1-0"]
[WhiteElo "2014"]
[BlackElo "1750"]
[PlyCount "87"]
[EventDate "2016.10.02"]
[EventType "swiss"]
[EventRounds "9"]
[EventCountry "ESP"]
[SourceTitle "EXT 2018"]
[Source "ChessBase"]
[SourceDate "2017.10.13"]
[SourceVersion "1"]
[SourceVersionDate "2017.10.13"]
[SourceQuality "1"]

1. d4 Nf6 2. e3 e6 3. Bd3 d5 4. Nd2 c5 5. c3 Nc6 6. f4 Bd6 7. Ngf3 0-0 8. 0-0 b6 9. Ne5 Bb7 10. Qf3 Rc8 11. g4 cxd4 12. exd4 Ne7 13. Rf2 Ne8 14. Qh3 Ng6 15. Ndf3 Nf6 16. Ng5 Rc7 17. Bd2 Bc8 18. Re1 Be7 19. f5 exf5 20. Bxf5 Bxf5 21. Rxf5 h6 22. Nxg6 fxg6 23. Ne6 Qd7 24. Rfe5 Bd6 25. Nxf8 Kxf8 26. R5e2 h5 27. Bg5 Ne4 28. Rf1+ Kg8 29. Bf4 hxg4 30. Qe3 g3 31. hxg3 Bxf4 32. Qxf4 Rc8 33. Rh2 Re8 34. Qh4 Nf6 35. Rxf6 gxf6 36. Qh8+ Kf7 37. Qh7+ Ke6 38. Qxg6 Qd8 39. Re2+ Kd7 40. Qf7+ Re7 41. Qxd5+ Kc7 42. Qxd8+ Kxd8 43. Rxe7 Kxe7 44. Kf2 1-0

[Event "Tarragona Province-chA"]
[Site "L'Hospitalet Infant"]
[Date "2016.10.09"]
[Round "2"]
[White "Girona Masdeu, Joan"]
[Black "Guasch Figuerola, Agusti"]
[Result "0-1"]
[WhiteElo "1750"]
[BlackElo "2101"]
[PlyCount "119"]
[EventDate "2016.10.02"]
[EventType "swiss"]
[EventRounds "9"]
[EventCountry "ESP"]
[SourceTitle "EXT 2018"]
[Source "ChessBase"]
[SourceDate "2017.10.13"]
[SourceVersion "1"]
[SourceVersionDate "2017.10.13"]
[SourceQuality "1"]

1. Nf3 e6 2. c4 f5 3. g3 Nf6 4. Bg2 c6 5. 0-0 d5 6. d3 Bd6 7. Nc3 0-0 8. e4 Nbd7 9. exf5 exf5 10. cxd5 cxd5 11. Nd4 Nb6 12. Bg5 h6 13. Bd2 Qe7 14. Rc1 Qf7 15. Ncb5 Bb8 16. Bb4 Rd8 17. Re1 Ne8 18. Re7 Qg6 19. Qe2 Bd7 20. Ne6 Bxe6 21. Qxe6+ Qxe6 22. Rxe6 Nf6 23. f4 a6 24. Nd4 Ba7 25. Bc5 Rac8 26. Nxf5 Rxc5 27. Rxc5 Nbd7 28. d4 Nxc5 29. dxc5 Bxc5+ 30. Kf1 Kf7 31. Re2 b6 32. Ne3 Bxe3 33. Rxe3 d4 34. Rb3 Rd6 35. h3 Nd7 36. Ra3 a5 37. Be4 Nc5 38. Bb1 Ke6 39. Ke2 Kd5 40. g4 Rd7 41. Kd2 Ne4+ 42. Bxe4+ Kxe4 43. f5 Rd6 44. Rb3 g6 45. Rb5 Rf6 46. fxg6 Rxg6 47. Rf5 Rc6 48. Rf8 Rd6 49. h4 Rg6 50. Rh8 Rxg4 51. Rxh6 Rg2+ 52. Kc1 Kd3 53. b3 Rxa2 54. Rxb6 Rc2+ 55. Kb1 Rc5 56. Rg6 Kc3 57. Ka2 d3 58. Rg3 Kc2 59. b4 axb4 60. Rh3 0-1

[Event "Tarragona Province-ch"]
[Site "Tarragona"]
[Date "2015.11.29"]
[Round "9"]
[White "Garustovich Ramirez, Nicolas"]
[Black "Girona Masdeu, Joan"]
[Result "1-0"]
[WhiteElo "1858"]
[BlackElo "2030"]
[PlyCount "93"]
[EventDate "2015.09.27"]
[EventType "swiss"]
[EventRounds "9"]
[EventCountry "ESP"]
[SourceTitle "EXT 2017"]
[Source "ChessBase"]
[SourceDate "2016.10.25"]
[SourceVersion "1"]
[SourceVersionDate "2016.10.25"]
[SourceQuality "1"]

1. e4 e6 2. d3 c5 3. Nf3 Nc6 4. Nc3 g6 5. g3 Bg7 6. Bg2 Nge7 7. 0-0 0-0 8. Rb1 d5 9. Re1 d4 10. Ne2 e5 11. h3 Be6 12. b3 h6 13. Nh2 Qd7 14. g4 g5 15. Ng3 b5 16. a3 a5 17. Qf3 Ng6 18. Nf5 Nce7 19. Nf1 Bxf5 20. exf5 Nh4 21. Qe4 Nxg2 22. Qxg2 Nd5 23. Bd2 Rfc8 24. Ng3 a4 25. Ne4 axb3 26. cxb3 Rxa3 27. Rec1 c4 28. dxc4 bxc4 29. bxc4 Nf6 30. c5 Nxe4 31. Qxe4 Qc6 32. Qxc6 Rxc6 33. Rb6 Rc7 34. Kg2 e4 35. c6 Ra8 36. Bb4 Be5 37. Rc4 Rac8 38. Ra6 Kg7 39. Ba5 Re7 40. Rc5 Bf4 41. Rd5 e3 42. c7 Bxc7 43. f6+ Kf8 44. fxe7+ Kxe7 45. fxe3 Bxa5 46. Raxa5 Rc2+ 47. Kf3 1-0

[Event "Tarragona Province-ch"]
[Site "Tarragona"]
[Date "2015.11.15"]
[Round "7"]
[White "Ferrer Dalmau, Josep Antonio"]
[Black "Girona Masdeu, Joan"]
[Result "0-1"]
[WhiteElo "1943"]
[BlackElo "2030"]
[PlyCount "68"]
[EventDate "2015.09.27"]
[EventType "swiss"]
[EventRounds "9"]
[EventCountry "ESP"]
[SourceTitle "EXT 2017"]
[Source "ChessBase"]
[SourceDate "2016.10.25"]
[SourceVersion "1"]
[SourceVersionDate "2016.10.25"]
[SourceQuality "1"]

1. d4 Nf6 2. c4 e6 3. g3 d5 4. Bg2 Be7 5. cxd5 exd5 6. Nc3 0-0 7. Nf3 Nbd7 8. 0-0 c6 9. a4 Ne4 10. Bf4 Ndf6 11. Nd2 Bf5 12. Ndxe4 dxe4 13. f3 exf3 14. Bxf3 Qb6 15. Qd2 Rad8 16. e3 Rfe8 17. a5 Qb3 18. Bd1 Qe6 19. Ra4 h6 20. Re1 g5 21. Be5 Qxe5 22. dxe5 Rxd2 23. exf6 Bxf6 24. e4 Bd4+ 25. Kh1 Bh3 26. Bf3 Bf2 27. Re2 Red8 28. Rxd2 Rxd2 29. Nd1 Bc5 30. Rc4 Bg2+ 31. Bxg2 Rxd1+ 32. Bf1 Rxf1+ 33. Kg2 Rf2+ 34. Kg1 Rc2+ 0-1

[Event "Tarragona Province-ch"]
[Site "Tarragona"]
[Date "2015.11.01"]
[Round "5"]
[White "Mane Casas, Josep"]
[Black "Girona Masdeu, Joan"]
[Result "1-0"]
[WhiteElo "1921"]
[BlackElo "2030"]
[PlyCount "85"]
[EventDate "2015.09.27"]
[EventType "swiss"]
[EventRounds "9"]
[EventCountry "ESP"]
[SourceTitle "EXT 2017"]
[Source "ChessBase"]
[SourceDate "2016.10.25"]
[SourceVersion "1"]
[SourceVersionDate "2016.10.25"]
[SourceQuality "1"]

1. d4 Nf6 2. Nf3 g6 3. Nbd2 d5 4. c3 Bg7 5. e3 0-0 6. Bd3 Nbd7 7. 0-0 c5 8. Re1 cxd4 9. exd4 a6 10. b3 b5 11. Bb2 Re8 12. a4 bxa4 13. Rxa4 a5 14. b4 Bb7 15. Qb3 axb4 16. Rxa8 Bxa8 17. Qxb4 Bf8 18. Qb3 Qc7 19. Qc2 Bc6 20. h3 Rb8 21. Ba3 Nb6 22. Bb4 Ba4 23. Qb1 Nbd7 24. Qa2 Nb6 25. Ne5 Ra8 26. Qb2 Nfd7 27. Nxd7 Qxd7 28. Qb1 Qc7 29. Qb2 e6 30. Bxf8 Rxf8 31. Rb1 Rb8 32. Qa3 Ra8 33. Qb4 Rb8 34. Qa5 Qc6 35. c4 Kg7 36. Rb4 Bd1 37. c5 Nc4 38. Nxc4 Rxb4 39. Qxb4 dxc4 40. Qxc4 Ba4 41. Be2 Qd7 42. Qc3 Bc6 43. d5+ 1-0

[Event "Tarragona Province-ch"]
[Site "Tarragona"]
[Date "2015.10.25"]
[Round "4"]
[White "Girona Masdeu, Joan"]
[Black "Guasch Murtra, Josep Maria"]
[Result "1/2-1/2"]
[WhiteElo "2030"]
[BlackElo "2156"]
[PlyCount "89"]
[EventDate "2015.09.27"]
[EventType "swiss"]
[EventRounds "9"]
[EventCountry "ESP"]
[SourceTitle "EXT 2017"]
[Source "ChessBase"]
[SourceDate "2016.10.25"]
[SourceVersion "1"]
[SourceVersionDate "2016.10.25"]
[SourceQuality "1"]

1. d4 Nf6 2. Nf3 e6 3. e3 b6 4. Bd3 Bb7 5. Nbd2 c5 6. 0-0 d5 7. b3 Nc6 8. a3 cxd4 9. exd4 Be7 10. Ne5 Nxd4 11. Bb2 Nc6 12. f4 0-0 13. f5 Nxe5 14. Bxe5 Ne4 15. Nxe4 dxe4 16. Bc4 Bd5 17. fxe6 Bxc4 18. bxc4 Bc5+ 19. Kh1 Qxd1 20. exf7+ Rxf7 21. Rfxd1 e3 22. c3 Re8 23. Bd4 e2 24. Re1 Rf4 25. g3 Bxd4 26. cxd4 Rxd4 27. Rac1 Rd3 28. Kg2 Rxa3 29. Kf2 Rae3 30. c5 bxc5 31. Rxc5 R3e5 32. Rc4 g5 33. Ra4 a5 34. g4 Rf8+ 35. Kg2 Rb8 36. Ra2 Rbe8 37. Kf2 Kg7 38. Kg3 Re3+ 39. Kf2 R8e5 40. Rxa5 Rxa5 41. Kxe3 Ra4 42. Kf3 Rf4+ 43. Kg3 Re4 44. Kf3 Re5 45. Rxe2 1/2-1/2

[Event "La Pobla de Lillet op 18th"]
[Site "La Pobla de Lillet"]
[Date "2008.08.02"]
[Round "1"]
[White "Girona Masdeu, Joan"]
[Black "Movsziszian, Karen"]
[Result "0-1"]
[WhiteElo "1981"]
[BlackElo "2560"]
[PlyCount "50"]
[EventDate "2008.08.02"]
[EventType "swiss"]
[EventRounds "9"]
[EventCountry "ESP"]
[SourceTitle "EXT 2009"]
[Source "ChessBase"]
[SourceDate "2008.11.26"]
[SourceVersion "1"]
[SourceVersionDate "2008.11.26"]
[SourceQuality "1"]

1. d4 Nf6 2. Nf3 g6 3. c4 Bg7 4. Nc3 0-0 5. e4 d6 6. Be2 Nbd7 7. 0-0 e5 8. d5 Nc5 9. Bg5 a5 10. Ne1 h6 11. Bxf6 Qxf6 12. Bg4 Nd7 13. Nd3 Qe7 14. Bxd7 Bxd7 15. Rc1 h5 16. Ne2 Bh6 17. Rc3 b6 18. b3 h4 19. a3 h3 20. g3 f5 21. exf5 Bxf5 22. Re1 Bg4 23. Ndc1 Qf6 24. Rf1 Bxc1 25. Rxc1 Qf3 0-1